Mısır (Record no. 10337)

MARC details
000 -BAŞLIK
Sabit Uzunlukta Kontrol Alanı 00691na a2200253 4500
001 - KONTROL NUMARASI
Denetim Alanı 23758
003 - KONTROL NUMARASI IDENTIFIER
Denetim Alanı MIRAKIL
005 - SON İŞLEM TARİHİ VE ZAMANI
Denetim Alanı 20181213155317.0
008 - SABİT-BOY VERİ ELEMANLARI - GENEL BİLGİLER
Sabit Uzunlukta Kontrol Alanı 180102b tu 000 0
020 ## - ULUSLARARASI STANDART KİTAP NUMARASI
Uluslararası Standart Kitap Numarası 9789752459311
040 ## - KATALOGLAMA KAYNAK
Orijinal Kataloglama Ajansı Milas
Kataloglama Dili tur
Metne Dönüştürmek Ajansı TR-AnCHP
041 ## - DİL KODU
Metin / Ses Parça Veya Ayrı Başlığın Dil Kodu tur
082 ## - DEWEY ONLU SINIFLANDIRMA NUMARASI
Sınıflandırma Numarası 363.64
Ürün Numarası T34m 2017
090 ## - SINIFLAMA NUMARASI
Sınıflama Numarası 363.64 T34m 2017
100 ## - ANA GİRİŞ - KİŞİSEL İSİM
Kişisel Ad Telci, İsmail Numan
245 ## - BAŞLIK TABLOSU
Başlık Mısır
Başlığın Kalan Devrim ve karşı devrim
Sorumluluk Tablosu, Vb İsmail Numan Telci
246 ## - UNVAN FORM VARYING
Başlık Doğru / Kısa Başlığı Devrim ve karşı devrim
260 ## - YAYIN, DAĞITIM, VB
Yayın, Dağıtım, Vb Yeri İstanbul
Yayıncı, Dağıtıcı, Vs Adı SETA Yayınları
Yayın, Dağıtım, Vb Tarihi 2017
300 ## - FİZİKSEL TANIM
Kapsam 310 s.
Boyutlar 23 sm.
504 ## - KAYNAKÇA VB NOT
Kaynakça Vb Notu Kaynakça var.
651 ## - KONU KATMA GİRİŞ - COĞRAFİ ADI
Coğrafi İsim Mısır
Genel Alt Bölümü Devrimler
740 ## - KATMA GİRİŞ - KONTROLSUZ İLGİLİ / ANALİTİK BAŞLIK
Kontrol Edilmeyen / İlgili Analitik Başlıktaki Devrim ve karşı devrim
942 ## - EKLENDİ GİRİŞ ELEMANLARI (KOHA)
Sınıflandırma Veya Raf Düzeni Kaynak Dewey Decimal Classification
Koha Öğesi Türü Books
999 ## - SİSTEM KONTROL NUMARALARI (KOHA)
Koha Biblionumber 10337
Koha Biblioitemnumber 10337
Holdings
Kalıcı Konum Mevcut Konum Edinme Tarihi Edinim Kaynak Toplam Check-Out'Lar Tam Çağrı Numarası Barkod Tarih Son Görülme İtibaren Geçerli Fiyatlar Koha Öğesi Türü
CHP Kütüphanesi CHP Kütüphanesi 12/20/2017 Bağış   363.64 T34m 2017 017743 12/20/2017 12/20/2017 Books